Normal view MARC view
  • NC Hamza Khalil NC Hassan Ali NC M. Hassan Touqir

Entry Personal Name

Number of records used in: 1

001 - CONTROL NUMBER

  • control field: 103893

003 - CONTROL NUMBER IDENTIFIER

  • control field: NUST

005 - DATE AND TIME OF LATEST TRANSACTION

  • control field: 20221201121425.0

008 - FIXED-LENGTH DATA ELEMENTS

  • fixed length control field: 221201|| aca||aabn | a|a d

040 ## - CATALOGING SOURCE

  • Original cataloging agency: NUST
  • Transcribing agency: NUST

100 ## - HEADING--PERSONAL NAME

  • Personal name: NC Hamza Khalil NC Hassan Ali NC M. Hassan Touqir

670 ## - SOURCE DATA FOUND

  • Source citation: Work cat.: (NUST): NC Hamza Khalil NC Hassan Ali NC M. Hassan Touqir, PR-SOF-2207- Smart Baby Monitoring System , 2022.
© 2023 Central Library, National University of Sciences and Technology. All Rights Reserved.